[Event "10th EUR-ch (w)"]
[Site "Sankt Petersburg RUS"]
[Date "2009.03.17"]
[Round "9"]
[White "Bogumil, Tatiana"]
[Black "Ikonomopoulou, Maria"]
[Result "1-0"]
[WhiteElo "2218"]
[BlackElo "2052"]
[EventDate "2009.03.08"]
[PlyCount "119"]

1.d4 Nf6 2.Nf3 e6 3.g3 c5 4.c4 cxd4 5.Qxd4 Nc6 6.Qd1 Bb4+ 7.Bd2 Bc5 8.Nc3 
d5 9.cxd5 exd5 10.Na4 Be7 11.Bg2 O-O 12.O-O Ne4 13.Nc3 Bf6 14.Be1 Nxc3 15.
bxc3 Bf5 16.Nd4 Nxd4 17.cxd4 Rc8 18.Bb4 Re8 19.e3 Rc4 20.Qb3 Qd7 21.Rfc1 
Rec8 22.Qa3 Qb5 23.Rxc4 Qxc4 24.Bf1 Qc2 25.Re1 a6 26.Bc5 Re8 27.Rc1 Qe4 
28.Qb3 Qg4 29.Bg2 Bg5 30.Qxd5 g6 31.Re1 Bd3 32.Qf3 Qc8 33.h4 Bd8 34.Qd5 
Qg4 35.Qf3 Qe6 36.Qd5 Qg4 37.Bf3 Qh3 38.Bg2 Qg4 39.Qf3 Qe6 40.Rd1 Bc2 41.
Rc1 Ba4 42.Qxb7 Ba5 43.Bd5 Qf6 44.Bb4 Bxb4 45.Qxb4 Bb5 46.Rc7 Rf8 47.Bg2 
Re8 48.Qc5 Bd3 49.Qc6 Qd8 50.Bd5 Rf8 51.a4 Bf5 52.a5 Qb8 53.Qb7 Qd8 54.
Rxf7 Rxf7 55.Qxf7+ Kh8 56.e4 Bg4 57.e5 Be2 58.e6 Bb5 59.e7 Qe8 60.Qf6# 1-0

[Event "10th EUR-ch (w)"]
[Site "Sankt Petersburg RUS"]
[Date "2009.03.17"]
[Round "9"]
[White "Samigullina, Diana"]
[Black "Papadopoulou, Vera"]
[Result "1-0"]
[WhiteElo "2084"]
[BlackElo "2190"]
[EventDate "2009.03.08"]
[PlyCount "111"]

1.d4 Nf6 2.Nf3 e6 3.e3 c5 4.Bd3 d5 5.b3 Nc6 6.a3 Bd6 7.Bb2 cxd4 8.exd4 O-O
9.Nbd2 Nh5 10.g3 g6 11.O-O f5 12.Ne5 f4 13.Qg4 Ne7 14.Ndf3 Bxe5 15.dxe5 
Bd7 16.Ng5 Nf5 17.Bc1 Qb6 18.Bxf4 Nxf4 19.Qxf4 h6 20.Nh3 Kg7 21.Qg4 Kh7 
22.Nf4 Rg8 23.h4 Raf8 24.Kg2 Qd4 25.Rae1 g5 26.c3 Qxc3 27.hxg5 Rxg5 28.Qh3
Kg7 29.Rh1 Rh8 30.Bxf5 exf5 31.e6 Bc6 32.e7 d4+ 33.Kh2 Qf3 34.Rhf1 Kf7 35.
Re5 Be4 36.e8=Q+ Rxe8 37.Rxe8 Kxe8 38.Qxh6 Rg8 39.Qe6+ Kf8 40.Qh6+ Kf7 41.
Qe6+ Kg7 42.Qg6+ Kf8 43.Qf6+ Ke8 44.Qe6+ Kf8 45.Qc8+ Kg7 46.Qd7+ Kh6 47.
Qxd4 Kg5 48.Nh3+ Kg4 49.Rg1 Qxb3 50.Qf6 Kf3 51.Re1 Rxg3 52.Ng1+ Kxf2 53.
Re2+ Kf1 54.Qa1+ Bb1 55.Rb2 Qxb2+ 56.Qxb2 1-0

[Event "10th EUR-ch (w)"]
[Site "Sankt Petersburg RUS"]
[Date "2009.03.17"]
[Round "9"]
[White "Alexeeva, Alena"]
[Black "Cherednichenko, Elena"]
[Result "1/2-1/2"]
[WhiteElo "2039"]
[BlackElo "2161"]
[EventDate "2009.03.08"]
[PlyCount "116"]

1.e4 e5 2.Nc3 Nf6 3.g3 Bc5 4.Bg2 Nc6 5.d3 a6 6.Nf3 d6 7.h3 Be6 8.O-O Qd7 
9.Kh2 h6 10.a3 Ba7 11.Be3 O-O 12.d4 Bc4 13.Re1 a5 14.b3 Ba6 15.d5 Ne7 16.
Nh4 Bxe3 17.Rxe3 g5 18.Qf3 Kg7 19.Nf5+ Nxf5 20.exf5 b6 21.Ne4 Qe7 22.c4 a4
23.Rc1 axb3 24.Rxb3 Bc8 25.g4 Nxe4 26.Qxe4 Rh8 27.Bf3 Qf6 28.Bd1 h5 29.f3 
Bd7 30.Re3 hxg4 31.fxg4 Qd8 32.Rf3 f6 33.Kg2 Rh4 34.Ra1 Ra5 35.Rc3 Qa8 36.
Bf3 Qa6 37.Be2 Rc5 38.Rb1 Qa5 39.Rcb3 Rh8 40.R1b2 Qe1 41.Rb1 Qh4 42.Rh1 
Kf7 43.Rb4 Ra8 44.Rb3 Ra4 45.Qf3 Ke7 46.Rb4 Ra6 47.Rb3 Ba4 48.Rb2 Bd7 49.
Rb3 Bc8 50.Ra1 Bb7 51.Rb5 Ra4 52.Rb3 Rca5 53.Rc1 Qh8 54.Rcc3 Qa8 55.Qd3 
Rc5 56.Bf3 Ba6 57.Rb4 Bc8 58.Bd1 Raa5 1/2-1/2

[Event "10th EUR-ch (w)"]
[Site "Sankt Petersburg RUS"]
[Date "2009.03.17"]
[Round "9"]
[White "Cedikova, Katerina"]
[Black "Gorbatenko, Kateryna"]
[Result "1-0"]
[WhiteElo "2150"]
[BlackElo "2071"]
[EventDate "2009.03.08"]
[PlyCount "93"]

1.d4 Nf6 2.c4 g6 3.Nc3 Bg7 4.e4 d6 5.f3 O-O 6.Be3 c5 7.Nge2 cxd4 8.Nxd4 
Nc6 9.Qd2 Be6 10.Be2 Nxd4 11.Bxd4 Qa5 12.Rd1 Rfc8 13.b3 a6 14.Na4 Qxd2+ 
15.Rxd2 Nd7 16.Bxg7 Kxg7 17.Kf2 Rab8 18.f4 b5 19.Nb2 Nc5 20.Ke3 f5 21.exf5
gxf5 22.Rc1 b4 23.Bf3 Kf6 24.Nd3 a5 25.Nxc5 Rxc5 26.Rg1 Rg8 27.h3 a4 28.g4
Ra5 29.Kd4 Rc8 30.Re1 Bd7 31.g5+ Kf7 32.Bh5+ Kf8 33.Rde2 e6 34.Bf3 Rd8 35.
h4 axb3 36.axb3 Bc8 37.Bc6 e5+ 38.Ke3 Ra3 39.Rb1 Ba6 40.Bd5 Rc8 41.Rc2 Rc7
42.h5 Kg7 43.c5 exf4+ 44.Kxf4 dxc5 45.Re1 Bd3 46.Re8 h6 47.Rg8+ 1-0

[Event "10th EUR-ch (w)"]
[Site "Sankt Petersburg RUS"]
[Date "2009.03.17"]
[Round "9"]
[White "Bakalarz, Grazyna"]
[Black "Mednikova, Svetlana"]
[Result "0-1"]
[WhiteElo "2024"]
[BlackElo "2160"]
[EventDate "2009.03.08"]
[PlyCount "72"]

1.d4 d5 2.Bf4 Nf6 3.e3 e6 4.Nf3 c5 5.c3 Nc6 6.Nbd2 Be7 7.Ne5 Nd7 8.Bd3 O-O
9.Qh5 f5 10.Nxc6 bxc6 11.Nf3 Nf6 12.Qh3 Qb6 13.Rb1 Ba6 14.Ne5 Bxd3 15.Nxd3
Ne4 16.dxc5 Qa6 17.Rd1 Qxa2 18.O-O Nxc5 19.Ra1 Qc4 20.Ne5 Qb5 21.b4 Ne4 
22.Rfc1 Rfc8 23.Qh5 Nd6 24.Ra5 Qb7 25.Rca1 Bf6 26.Ra6 Ne4 27.R6a3 g5 28.f3
gxf4 29.fxe4 Bxe5 30.exf5 Qf7 31.Qg4+ Qg7 32.Qxg7+ Bxg7 33.fxe6 fxe3 34.
Re1 Bh6 35.Ra6 Rc7 36.b5 Re8 0-1

[Event "10th EUR-ch (w)"]
[Site "Sankt Petersburg RUS"]
[Date "2009.03.17"]
[Round "9"]
[White "Grigorieva, Olga"]
[Black "Kouvatsou, Maria"]
[Result "1/2-1/2"]
[WhiteElo "2016"]
[BlackElo "2208"]
[EventDate "2009.03.08"]
[PlyCount "52"]

1.d4 Nf6 2.c4 g6 3.f3 e5 4.dxe5 Nh5 5.Nh3 Nc6 6.Bg5 Be7 7.Bxe7 Qxe7 8.Nc3 
Qxe5 9.e4 d6 10.Nf2 Bd7 11.Qd5 Nf4 12.Qxe5+ dxe5 13.Nd5 O-O-O 14.Nxf4 exf4
15.O-O-O f5 16.exf5 Bxf5 17.Bd3 Bxd3 18.Nxd3 g5 19.Rhe1 Rhe8 20.Nf2 Ne5 
21.b3 h6 22.Rxd8+ Kxd8 23.Kd2 Re7 24.Nd3 Ng6 25.Kc3 Rxe1 26.Nxe1 c5 
1/2-1/2

[Event "10th EUR-ch (w)"]
[Site "Sankt Petersburg RUS"]
[Date "2009.03.17"]
[Round "9"]
[White "Ryanova, Valeria"]
[Black "Azimova, Karina"]
[Result "1-0"]
[WhiteElo "2113"]
[BlackElo "1940"]
[EventDate "2009.03.08"]
[PlyCount "59"]

1.e4 e5 2.Nf3 d6 3.Bc4 Be7 4.O-O Nf6 5.d3 O-O 6.c3 c6 7.Nbd2 d5 8.Bb3 Bg4 
9.h3 Bxf3 10.Qxf3 Na6 11.exd5 cxd5 12.Re1 Qd6 13.Qf5 Nd7 14.d4 Bf6 15.Ba4 
Nab8 16.dxe5 Nxe5 17.Nf3 Ng6 18.Be3 Nc6 19.Bc2 Nce7 20.Qd3 Rfd8 21.Rad1 
Nf8 22.Ng5 Bxg5 23.Bxg5 f6 24.Bf4 Qd7 25.c4 d4 26.c5 Kh8 27.Bd6 Neg6 28.
Qxd4 Ne6 29.Qe3 Re8 30.Bf5 1-0

[Event "10th EUR-ch (w)"]
[Site "Sankt Petersburg RUS"]
[Date "2009.03.17"]
[Round "9"]
[White "Bezgodova, Maria"]
[Black "Kluchik, Yulia"]
[Result "1-0"]
[WhiteElo "2101"]
[BlackElo "1953"]
[EventDate "2009.03.08"]
[PlyCount "45"]

1.e4 c6 2.d4 d5 3.Nd2 dxe4 4.Nxe4 Nd7 5.Ng5 h6 6.Ne6 Qb6 7.Nxf8 Nxf8 8.c3 
Nf6 9.Nf3 Bg4 10.Bc4 N8d7 11.O-O O-O 12.Re1 Rfe8 13.Qd3 Bxf3 14.Qxf3 e5 
15.Qg3 Nh5 16.Qg6 Ndf6 17.Bxf7+ Kf8 18.Bxe8 Rxe8 19.dxe5 Qd8 20.Bxh6 gxh6 
21.exf6 Rxe1+ 22.Rxe1 Nxf6 23.h3 1-0

[Event "10th EUR-ch (w)"]
[Site "Sankt Petersburg RUS"]
[Date "2009.03.17"]
[Round "9"]
[White "Khropova, Larisa"]
[Black "De Seroux, Camille"]
[Result "1-0"]
[WhiteElo "2060"]
[BlackElo "1928"]
[EventDate "2009.03.08"]
[PlyCount "81"]

1.c4 Nf6 2.Nf3 g6 3.Nc3 Bg7 4.g3 O-O 5.Bg2 d6 6.d4 Nbd7 7.O-O e5 8.b3 c6 
9.Qc2 Re8 10.Rd1 Qe7 11.Ba3 exd4 12.Nxd4 Ng4 13.e4 a6 14.h3 c5 15.Nde2 
Ngf6 16.Bb2 Ne5 17.Nf4 Nc6 18.Ncd5 Nxd5 19.Nxd5 Qd8 20.Bxg7 Kxg7 21.Qb2+ 
Nd4 22.Rxd4 cxd4 23.Qxd4+ f6 24.Rd1 Be6 25.Nb6 Rb8 26.f4 Qe7 27.g4 Rbd8 
28.g5 Rf8 29.h4 Qc7 30.b4 Qe7 31.Rf1 Rde8 32.a3 Rd8 33.Rd1 Rfe8 34.Kh1 Rf8
35.Rd3 Rfe8 36.Rg3 Rf8 37.h5 Kg8 38.hxg6 hxg6 39.f5 Bc8 40.gxf6 Rxf6 41.
Nd5 1-0

[Event "10th EUR-ch (w)"]
[Site "Sankt Petersburg RUS"]
[Date "2009.03.17"]
[Round "9"]
[White "Nikanova, Ekaterina"]
[Black "Efremova, Daria"]
[Result "1-0"]
[WhiteElo "2049"]
[BlackElo "1910"]
[EventDate "2009.03.08"]
[PlyCount "141"]

1.e4 e6 2.d4 d5 3.Nc3 Nf6 4.e5 Nfd7 5.f4 c5 6.Nf3 Nc6 7.Be3 Be7 8.Be2 Qb6 
9.Na4 Qa5+ 10.c3 c4 11.O-O b5 12.Nc5 Nxc5 13.dxc5 b4 14.Nd4 Bd7 15.Nxc6 
Bxc6 16.Qd4 f5 17.cxb4 Qxb4 18.b3 Qa5 19.Rfb1 Rb8 20.bxc4 O-O 21.cxd5 Bxd5
22.Bc4 Rxb1+ 23.Rxb1 Rd8 24.Bxd5 Rxd5 25.Qc4 Bxc5 26.Bxc5 Qxc5+ 27.Qxc5 
Rxc5 28.Rb8+ Kf7 29.Rb7+ Kf8 30.Rxa7 Rc4 31.g3 Rc2 32.a4 Ra2 33.Ra8+ Kf7 
34.a5 Ke7 35.a6 Kf7 36.a7 h6 37.h3 h5 38.g4 hxg4 39.hxg4 fxg4 40.f5 exf5 
41.e6+ Kxe6 42.Re8+ Kf6 43.a8=Q Rxa8 44.Rxa8 g5 45.Kf2 f4 46.Ra5 Kg6 47.
Rb5 Kf6 48.Ke2 Kg6 49.Rb8 Kf5 50.Rf8+ Ke4 51.Rg8 Kf5 52.Kf2 Kf6 53.Kf1 Kf5
54.Ke2 Kf6 55.Kd3 Kf5 56.Rf8+ Ke5 57.Ra8 Kf5 58.Ra5+ Kg6 59.Ra8 Kf5 60.
Rf8+ Ke5 61.Rf7 Ke6 62.Ra7 Kf5 63.Ra5+ Kg6 64.Ra1 Kf5 65.Ke2 Ke4 66.Ra5 g3
67.Rxg5 f3+ 68.Kf1 Kf4 69.Rg8 g2+ 70.Kf2 Ke4 71.Rf8 1-0

[Event "10th EUR-ch (w)"]
[Site "Sankt Petersburg RUS"]
[Date "2009.03.17"]
[Round "9"]
[White "Petrukhina, Irina"]
[Black "Goriachkina, Alexandra"]
[Result "1-0"]
[WhiteElo "1905"]
[BlackElo "2020"]
[EventDate "2009.03.08"]
[PlyCount "83"]

1.d4 f5 2.Bg5 g6 3.Nd2 Bg7 4.e4 fxe4 5.Nxe4 d5 6.Ng3 Nc6 7.c3 Nf6 8.Nf3 
Be6 9.Bd3 Qd7 10.Qc2 Bf7 11.h4 O-O-O 12.O-O-O Rde8 13.Rde1 Ng4 14.Nf5 Bf6 
15.h5 Rhg8 16.hxg6 Bxg6 17.Bxf6 Nxf6 18.Ne5 Nxe5 19.Rxe5 Ng4 20.Re2 Rgf8 
21.f3 Bxf5 22.Bxf5 Qxf5 23.Qxf5+ Rxf5 24.fxg4 Rf7 25.Re5 e6 26.Rh6 Rg7 27.
g5 Kd7 28.Kd2 Ree7 29.Rf6 Rgf7 30.g4 Rg7 31.Ke3 Kd6 32.Kf4 Kd7 33.Kg3 Rg6 
34.Kh4 Reg7 35.Kh5 Ke7 36.Rexe6+ Kd7 37.Rxg6 hxg6+ 38.Rxg6 Rh7+ 39.Rh6 Rg7
40.g6 Ke7 41.Rh7 Kf8 42.Kh6 1-0

[Event "10th EUR-ch (w)"]
[Site "Sankt Petersburg RUS"]
[Date "2009.03.17"]
[Round "9"]
[White "Khokhlova, Ekaterina"]
[Black "Malinicheva, Lidia"]
[Result "1-0"]
[WhiteElo "1822"]
[BlackElo "2068"]
[EventDate "2009.03.08"]
[PlyCount "99"]

1.e4 Nf6 2.e5 Nd5 3.d4 d6 4.c4 Nb6 5.exd6 exd6 6.h3 Be7 7.Nf3 Bf5 8.Bd3 
Bg6 9.O-O O-O 10.Nc3 Nc6 11.b3 Re8 12.Bxg6 hxg6 13.Re1 Qd7 14.d5 Nb4 15.
Bb2 Bf6 16.Qd2 Qf5 17.Rxe8+ Rxe8 18.Nb5 Bxb2 19.Qxb2 a6 20.Nbd4 Qf6 21.Qd2
c5 22.dxc6 Nxc6 23.Rd1 Ne5 24.Qb4 Ned7 25.Nh2 a5 26.Qxa5 Ra8 27.Qd2 d5 28.
Ng4 Qe7 29.cxd5 Nxd5 30.Re1 Qc5 31.Nf3 N5f6 32.Nxf6+ Nxf6 33.Rc1 Qe7 34.a4
Rd8 35.Qc2 Nh5 36.Re1 Qd6 37.Qe4 Qd7 38.Qe7 Qd5 39.b4 Nf6 40.Qe5 Qc6 41.b5
Qb6 42.Qc3 Nd5 43.Qc4 Qf6 44.a5 Nf4 45.Qe4 Rd5 46.h4 Kh7 47.Ng5+ Kh6 48.
Qe8 Kh5 49.Qh8+ Kg4 50.f3+ 1-0

[Event "10th EUR-ch (w)"]
[Site "Sankt Petersburg RUS"]
[Date "2009.03.17"]
[Round "9"]
[White "Kiseleva, Arina"]
[Black "Martynova, Anastasia"]
[Result "0-1"]
[WhiteElo "1830"]
[BlackElo "1894"]
[EventDate "2009.03.08"]
[PlyCount "134"]

1.d4 e6 2.Nf3 f5 3.g3 Nf6 4.Bg2 Be7 5.O-O O-O 6.c3 d5 7.Bf4 Bd7 8.Ne5 Be8 
9.Nd2 Nbd7 10.Nxd7 Qxd7 11.Nf3 Bh5 12.Ne5 Qb5 13.Nd3 Rac8 14.f3 h6 15.Qd2 
Kh7 16.Rfe1 g5 17.Be5 Qe8 18.Nf2 g4 19.Qd3 gxf3 20.exf3 Bg6 21.Qe3 Nh5 22.
Nh3 Bf6 23.Bf4 Bf7 24.Bxh6 Rg8 25.Ng5+ Bxg5 26.Bxg5 Rg6 27.g4 Qg8 28.h4 
Ng7 29.h5 Nxh5 30.f4 fxg4 31.Bf1 Rg7 32.Bd3+ Bg6 33.Qxe6 Qxe6 34.Rxe6 Nxf4
35.Bxf4 Bxd3 36.Rh6+ Kg8 37.Be5 Rh7 38.Rxh7 Kxh7 39.Kg2 Be4+ 40.Kg3 Bf3 
41.Re1 Re8 42.Rf1 c6 43.Rf2 Re6 44.Rh2+ Rh6 45.Rxh6+ Kxh6 46.Kf4 Kh5 47.
Kf5 Kh4 48.Bh2 g3 49.Bg1 Kh3 50.Ke6 a5 51.Kd6 Be2 52.Kc7 Ba6 53.a4 Kg2 54.
Be3 Kf1 55.Kb6 g2 56.Kxa5 g1=Q 57.Bxg1 Kxg1 58.b4 b5 59.Kxa6 bxa4 60.Kb6 
a3 61.Kxc6 a2 62.Kxd5 a1=Q 63.c4 Qa8+ 64.Kc5 Qa7+ 65.Kd5 Qb6 66.c5 Qxb4 
67.c6 Qe7 0-1

[Event "10th EUR-ch (w)"]
[Site "Sankt Petersburg RUS"]
[Date "2009.03.18"]
[Round "10"]
[White "Kovalevskaya, Ekaterina"]
[Black "Hoang Thanh Trang"]
[Result "1-0"]
[WhiteElo "2442"]
[BlackElo "2483"]
[EventDate "2009.03.08"]
[PlyCount "47"]

1.Nf3 b6 2.g3 Bb7 3.Bg2 e6 4.O-O f5 5.d3 Nf6 6.e4 fxe4 7.Ng5 Bc5 8.Nc3 O-O
9.Ncxe4 Nxe4 10.Nxe4 Bxe4 11.Bxe4 d5 12.Bg2 Nc6 13.c3 Qf6 14.Bf4 Rf7 15.d4
Bf8 16.Qe2 g5 17.Bd2 Bg7 18.Rae1 Re7 19.Qb5 Na5 20.Bxd5 a6 21.Bxg5 Qg6 22.
Qe2 Rae8 23.Bxe7 exd5 24.Qf3 1-0

[Event "10th EUR-ch (w)"]
[Site "Sankt Petersburg RUS"]
[Date "2009.03.18"]
[Round "10"]
[White "Romanko, Marina"]
[Black "Shadrina, Tatiana"]
[Result "1-0"]
[WhiteElo "2451"]
[BlackElo "2416"]
[EventDate "2009.03.08"]
[PlyCount "91"]

1.d4 d5 2.Nf3 Nf6 3.c4 c6 4.e3 Bg4 5.Nc3 e6 6.h3 Bxf3 7.Qxf3 Bb4 8.Bd3 
Nbd7 9.O-O O-O 10.Bd2 e5 11.cxd5 cxd5 12.Qd1 e4 13.Nxe4 dxe4 14.Bxb4 exd3 
15.Bxf8 Nxf8 16.Qxd3 Ne6 17.Rac1 Qd5 18.Qc4 Rd8 19.Qxd5 Nxd5 20.Rfd1 f5 
21.Rd3 Kf7 22.Rb3 Rd7 23.Kf1 Kf6 24.Rc8 Nb6 25.Rc1 Nd5 26.a3 h5 27.Rd3 h4 
28.Rc8 Nd8 29.Rd2 Nb6 30.Rc1 Nd5 31.Rdc2 Ne6 32.Rc8 Ne7 33.Rh8 g5 34.Ke2 
Nd8 35.g4 hxg3 36.fxg3 Ng6 37.Rh5 Ne6 38.Rf1 Ng7 39.Rh6 Kf7 40.h4 gxh4 41.
gxh4 Ne7 42.h5 Nd5 43.Rh8 Nf6 44.h6 Ngh5 45.Rg1 Ng4 46.Rh7+ 1-0

[Event "10th EUR-ch (w)"]
[Site "Sankt Petersburg RUS"]
[Date "2009.03.18"]
[Round "10"]
[White "Melia, Salome"]
[Black "Turova, Irina"]
[Result "1/2-1/2"]
[WhiteElo "2422"]
[BlackElo "2379"]
[EventDate "2009.03.08"]
[PlyCount "88"]

1.e4 e5 2.Nf3 Nf6 3.Nxe5 d6 4.Nf3 Nxe4 5.d4 d5 6.Bd3 Be7 7.O-O Nc6 8.c4 
Nb4 9.Be2 Bf5 10.a3 Nc6 11.Nc3 Nxc3 12.bxc3 O-O 13.Re1 Re8 14.Ra2 dxc4 15.
Bxc4 Na5 16.Bd3 Bxd3 17.Qxd3 Bf6 18.Rae2 Rxe2 19.Qxe2 Qd7 20.Bf4 c6 21.Ne5
Bxe5 22.Qxe5 Nc4 23.Qc5 b5 24.h3 Nb6 25.Re7 Qd5 26.Qb4 h6 27.Qb1 a5 28.Qd3
Nc4 29.Bc1 Kf8 30.Rb7 Kg8 31.Re7 Qd6 32.Qe2 Nxa3 33.Re8+ Rxe8 34.Qxe8+ Kh7
35.Qe4+ Kg8 36.Qe8+ Kh7 37.Qe4+ g6 38.Qe8 Kg7 39.h4 Nc4 40.Bxh6+ Kh7 41.
Bg5 Qe6 42.Qd8 Qe1+ 43.Kh2 Qxf2 44.Bf6 g5 1/2-1/2

[Event "10th EUR-ch (w)"]
[Site "Sankt Petersburg RUS"]
[Date "2009.03.18"]
[Round "10"]
[White "Pogonina, Natalia"]
[Black "Dzagnidze, Nana"]
[Result "1-0"]
[WhiteElo "2467"]
[BlackElo "2518"]
[EventDate "2009.03.08"]
[PlyCount "61"]

1.e4 c5 2.Nf3 d6 3.d4 cxd4 4.Nxd4 Nf6 5.Nc3 g6 6.Be3 Bg7 7.f3 Nc6 8.g4 O-O
9.Qd2 Bd7 10.h4 Rc8 11.h5 Nxd4 12.Bxd4 Qa5 13.O-O-O b5 14.hxg6 fxg6 15.g5 
Nh5 16.Bxg7 Nxg7 17.Bh3 Bxh3 18.Rxh3 Rc5 19.f4 Rfc8 20.Kb1 Qd8 21.Rdh1 Nh5
22.f5 b4 23.Nd5 Rxc2 24.Qd3 R8c5 25.fxg6 hxg6 26.e5 Kg7 27.e6 Qc8 28.Qd4+ 
Kh7 29.Rxh5+ gxh5 30.Rxh5+ Kg6 31.Rh6+ 1-0

[Event "10th EUR-ch (w)"]
[Site "Sankt Petersburg RUS"]
[Date "2009.03.18"]
[Round "10"]
[White "Solovyova, Valentina"]
[Black "Ovod, Evgenia"]
[Result "0-1"]
[WhiteElo "2324"]
[BlackElo "2430"]
[EventDate "2009.03.08"]
[PlyCount "136"]

1.e4 e6 2.d4 d5 3.Nd2 c5 4.Ngf3 cxd4 5.exd5 Qxd5 6.Bc4 Qd6 7.O-O Nf6 8.Nb3
Nc6 9.Nbxd4 Nxd4 10.Nxd4 Be7 11.b3 a6 12.a4 e5 13.Nf3 Qxd1 14.Rxd1 e4 15.
Nd4 Bg4 16.f3 exf3 17.gxf3 Bh5 18.Re1 Kd7 19.Nf5 Bb4 20.Rd1+ Kc8 21.Kg2 
Bg6 22.Nd6+ Bxd6 23.Rxd6 Rd8 24.Rxd8+ Kxd8 25.Bf4 Bxc2 26.Bxf7 Rc8 27.Re1 
Bd3 28.Bd6 Rc2+ 29.Kg3 Be2 30.b4 Kd7 31.Be5 Bc4 32.Rd1+ Ke7 33.Bxc4 Rxc4 
34.Bd6+ Ke6 35.Bc5 Nd5 36.Re1+ Kf7 37.Bd6 Rc6 38.Bc5 b6 39.Bd4 Nxb4 40.Rb1
a5 41.h4 h5 42.Kf2 g6 43.Be3 Nd5 44.Bd4 Rc4 45.Bxb6 Nxb6 46.Rxb6 Rxh4 47.
Rb7+ Kf6 48.Rb6+ Kg7 49.Ra6 Rxa4 50.Kg3 h4+ 51.Kh3 Kh6 52.Ra8 Kg5 53.Ra7 
Kf4 54.Rf7+ Ke3 55.Rf6 Rf4 56.Rxg6 Kxf3 57.Rg5 a4 58.Rg8 Ke3 59.Re8+ Kd3 
60.Rd8+ Kc3 61.Rc8+ Kb3 62.Rb8+ Rb4 63.Rf8 a3 64.Rf3+ Ka4 65.Rf2 Rc4 66.
Rf8 a2 67.Ra8+ Kb3 68.Rb8+ Rb4 0-1

[Event "10th EUR-ch (w)"]
[Site "Sankt Petersburg RUS"]
[Date "2009.03.18"]
[Round "10"]
[White "Severiukhina, Zoya"]
[Black "Muzychuk, Maria"]
[Result "0-1"]
[WhiteElo "2327"]
[BlackElo "2427"]
[EventDate "2009.03.08"]
[PlyCount "120"]

1.e4 c5 2.Nf3 a6 3.c3 d5 4.exd5 Qxd5 5.d4 Nf6 6.Be2 cxd4 7.cxd4 e6 8.Nc3 
Qd8 9.O-O Nc6 10.Bg5 Be7 11.Rc1 O-O 12.Qd2 h6 13.Bf4 Nb4 14.Ne5 Nfd5 15.
Bg3 Bd7 16.f4 Rc8 17.Bf3 Bc6 18.a3 Nxc3 19.bxc3 Nd5 20.c4 Nf6 21.Nxc6 bxc6
22.Rfd1 a5 23.Qd3 Qb6 24.Rb1 Qa7 25.f5 exf5 26.Qxf5 Bxa3 27.c5 Rfe8 28.Rb6
Re6 29.Qd3 Bb4 30.Qa6 Qxa6 31.Rxa6 g6 32.Ra7 Rce8 33.Ra6 Nd5 34.Bxd5 cxd5 
35.c6 Rc8 36.Rc1 Bd2 37.Rc5 Be3+ 38.Bf2 Bxf2+ 39.Kxf2 a4 40.Rxd5 Rcxc6 41.
Rxc6 Rxc6 42.Ra5 Rc2+ 43.Kf3 Ra2 44.h4 a3 45.d5 Kf8 46.d6 Ke8 47.Ra8+ Kd7 
48.Ra7+ Kxd6 49.Rxf7 Rc2 50.Rf6+ Kd5 51.Rxg6 Rc6 52.Rg8 Ra6 53.Rd8+ Kc4 
54.Rd1 a2 55.Ra1 Kb3 56.g4 Ra4 57.Rg1 a1=Q 58.Rxa1 Rxa1 59.Kf4 Ra5 60.g5 
Ra4+ 0-1

[Event "10th EUR-ch (w)"]
[Site "Sankt Petersburg RUS"]
[Date "2009.03.18"]
[Round "10"]
[White "Kovanova, Baira"]
[Black "Nebolsina, Vera"]
[Result "1-0"]
[WhiteElo "2386"]
[BlackElo "2312"]
[EventDate "2009.03.08"]
[PlyCount "83"]

1.e4 c5 2.Nf3 d6 3.Nc3 Nf6 4.Bc4 Nc6 5.d3 g6 6.h3 Bg7 7.O-O O-O 8.a3 Ne8 
9.Bf4 h6 10.Qd2 Kh7 11.Nh2 Nc7 12.Be3 e6 13.Ba2 b5 14.Rae1 a5 15.Ng4 f5 
16.Nh2 b4 17.Ne2 a4 18.Rd1 Nb5 19.axb4 cxb4 20.exf5 gxf5 21.d4 d5 22.Rfe1 
Rg8 23.Nf1 Ra7 24.Nfg3 Qh4 25.c4 dxc4 26.Bxc4 Nd6 27.Bd3 Ra5 28.Rc1 Bb7 
29.Nf4 Qf6 30.Rc5 Bf8 31.Rec1 a3 32.bxa3 Rxa3 33.Rxc6 Bxc6 34.Rxc6 b3 35.
Nxe6 Rxg3 36.Nxf8+ Qxf8 37.fxg3 Ra2 38.Qb4 Qe8 39.Bf4 Qxc6 40.Bf1 b2 41.
Bxd6 Qe4 42.Be5 1-0

[Event "10th EUR-ch (w)"]
[Site "Sankt Petersburg RUS"]
[Date "2009.03.18"]
[Round "10"]
[White "Arakhamia-Grant, Ketevan"]
[Black "Grabuzova, Tatiana"]
[Result "1/2-1/2"]
[WhiteElo "2500"]
[BlackElo "2332"]
[EventDate "2009.03.08"]
[PlyCount "253"]

1.e4 e6 2.d4 d5 3.Nc3 Nf6 4.e5 Nfd7 5.f4 c5 6.Nf3 Nc6 7.Be3 cxd4 8.Nxd4 
Bc5 9.Qd2 Bxd4 10.Bxd4 Nxd4 11.Qxd4 Qb6 12.Qd2 Nc5 13.O-O-O Bd7 14.Qd4 Bc6
15.h4 Ne4 16.Nxe4 dxe4 17.Rh3 Qxd4 18.Rxd4 Ke7 19.Rg3 Rhg8 20.b4 a6 21.Bc4
Rad8 22.Rxd8 Rxd8 23.c3 e3 24.Rxe3 Bxg2 25.a4 Bd5 26.Bd3 Rc8 27.Kc2 Bc4 
28.Be4 b6 29.Rg3 g6 30.Rg1 Rd8 31.Ra1 f6 32.a5 b5 33.Rg1 fxe5 34.fxe5 Bd5 
35.Bd3 Bb3+ 36.Kxb3 Rxd3 37.h5 Kf7 38.Rf1+ Ke7 39.hxg6 hxg6 40.Rh1 Rf3 41.
Rh7+ Rf7 42.Rxf7+ Kxf7 43.c4 bxc4+ 44.Kxc4 Ke7 45.Kd4 Kd7 46.Ke4 Kc6 47.
Kf4 Kb5 48.Kg5 Kxb4 49.Kf6 g5 50.Kxe6 g4 51.Kf7 g3 52.e6 g2 53.e7 g1=Q 54.
e8=Q Qf2+ 55.Kg7 Qd4+ 56.Kg6 Qd6+ 57.Kg7 Kxa5 58.Qe1+ Kb6 59.Qe3+ Kb7 60.
Qe4+ Qc6 61.Qb4+ Ka7 62.Qd4+ Qb6 63.Qc4 a5 64.Kh7 Qb4 65.Qe6 a4 66.Qe3+ 
Qb6 67.Qa3 Qc6 68.Qe3+ Kb7 69.Qa3 Qc2+ 70.Kh8 Kc6 71.Qb4 Qb3 72.Qe4+ Kc5 
73.Qe5+ Kc4 74.Qe4+ Kc3 75.Qe5+ Kc2 76.Qe2+ Kb1 77.Qe4+ Ka2 78.Kg7 a3 79.
Kh8 Ka1 80.Qe1+ Qb1 81.Qe3 a2 82.Kg8 Qb8+ 83.Kh7 Qc7+ 84.Kg8 Qc4+ 85.Kh8 
Kb2 86.Qb6+ Kc3 87.Qe3+ Qd3 88.Qc5+ Kb3 89.Qb6+ Kc2 90.Qf2+ Qd2 91.Qf5+ 
Kb3 92.Qb5+ Qb4 93.Qd5+ Qc4 94.Qb7+ Kc2 95.Qg2+ Kb1 96.Qb7+ Kc1 97.Qh1+ 
Kb2 98.Qb7+ Qb3 99.Qg2+ Qc2 100.Qb7+ Ka1 101.Kg8 Qg6+ 102.Kh8 Qb1 103.Qd5 
Qb2+ 104.Kg8 Qf2 105.Qc4 Kb1 106.Qb3+ Kc1 107.Qc3+ Qc2 108.Qe1+ Kb2 109.
Qe5+ Kb3 110.Qb5+ Ka3 111.Qa5+ Qa4 112.Qc5+ Qb4 113.Qc1+ Ka4 114.Qc6+ Qb5 
115.Qa8+ Kb3 116.Qf3+ Kb4 117.Qf8+ Qc5 118.Qb8+ Kc4 119.Qf4+ Qd4 120.Qc7+ 
Kb3 121.Qb7+ Kc2 122.Qg2+ Qd2 123.Qc6+ Kd3 124.Qd5+ Ke3 125.Qg5+ Ke2 126.
Qg2+ Kd1 127.Qf1+ 1/2-1/2

[Event "10th EUR-ch (w)"]
[Site "Sankt Petersburg RUS"]
[Date "2009.03.18"]
[Round "10"]
[White "Gaponenko, Inna"]
[Black "Charochkina, Daria"]
[Result "1-0"]
[WhiteElo "2450"]
[BlackElo "2316"]
[EventDate "2009.03.08"]
[PlyCount "59"]

1.e4 c5 2.Nf3 d6 3.d4 cxd4 4.Nxd4 Nf6 5.Nc3 Nc6 6.Bg5 e6 7.Qd2 Be7 8.O-O-O
O-O 9.f4 h6 10.Bh4 d5 11.e5 Nd7 12.Bxe7 Qxe7 13.Nf3 Nb6 14.Bd3 Bd7 15.h4 
Nb4 16.Kb1 Rac8 17.a3 Na6 18.h5 Nc4 19.Bxc4 Rxc4 20.Nd4 Rfc8 21.Rh3 b5 22.
f5 b4 23.f6 Qc5 24.axb4 Qxb4 25.Rg3 Rb8 26.Rxg7+ Kf8 27.Nb3 Ba4 28.Qxh6 
Ke8 29.Rxf7 Nc7 30.Nxa4 1-0

[Event "10th EUR-ch (w)"]
[Site "Sankt Petersburg RUS"]
[Date "2009.03.18"]
[Round "10"]
[White "Galoian, Lilit"]
[Black "Khurtsidze, Nino"]
[Result "1/2-1/2"]
[WhiteElo "2316"]
[BlackElo "2421"]
[EventDate "2009.03.08"]
[PlyCount "116"]

1.Nf3 Nf6 2.c4 c5 3.g3 b6 4.Bg2 Bb7 5.O-O e6 6.Nc3 Be7 7.d4 cxd4 8.Qxd4 d6
9.Rd1 a6 10.Ng5 Bxg2 11.Kxg2 Nc6 12.Qf4 Qc7 13.Nce4 Ne5 14.b3 O-O 15.Nxf6+
Bxf6 16.Ne4 Be7 17.Ba3 Rad8 18.Rac1 Ng6 19.Qe3 Rd7 20.f3 Rfd8 21.h4 Qb7 
22.Bb2 h5 23.Qc3 Bf8 24.Nf2 d5 25.cxd5 exd5 26.Qc6 Qb8 27.Bd4 Rb7 28.e4 
Bd6 29.f4 dxe4 30.Nxe4 Ba3 31.Rc2 Rbd7 32.Rcd2 Bb4 33.Bc3 Rxd2+ 34.Bxd2 
Ne7 35.Qc4 a5 36.Kh2 Nf5 37.Qe2 Qa8 38.Re1 Bxd2 39.Nxd2 Qd5 40.Nf3 f6 41.
Rc1 Kh7 42.Rc7 Rd6 43.Rc3 Re6 44.Qc2 Kh6 45.Ne5 g6 46.Rd3 Qc5 47.Qxc5 bxc5
48.Nf7+ Kg7 49.Rd7 Re2+ 50.Kh3 Kf8 51.Nd6 Nxd6 52.Rxd6 Ke7 53.Rc6 Rc2 54.
a3 Rc3 55.a4 Kf7 56.Kg2 Ke7 57.Kf2 Kf7 58.Kg2 Ke7 1/2-1/2

[Event "10th EUR-ch (w)"]
[Site "Sankt Petersburg RUS"]
[Date "2009.03.18"]
[Round "10"]
[White "Tomilova, Elena"]
[Black "Demina, Yulia"]
[Result "0-1"]
[WhiteElo "2300"]
[BlackElo "2361"]
[EventDate "2009.03.08"]
[PlyCount "116"]

1.e4 c5 2.Nf3 d6 3.d4 cxd4 4.Nxd4 Nf6 5.Nc3 a6 6.f4 e5 7.Nf3 Nbd7 8.a4 Be7
9.Bd3 O-O 10.O-O exf4 11.Kh1 Nh5 12.Nd4 g6 13.Be2 Ndf6 14.Nf5 Be6 15.Nxe7+
Qxe7 16.a5 Rac8 17.Ra4 Rc5 18.Bxh5 Nxh5 19.Bxf4 Nxf4 20.Rxf4 Rfc8 21.Rf2 
Rh5 22.Qf3 Rcc5 23.Ra3 Qg5 24.Nd5 Bxd5 25.exd5 Qxd5 26.Qf6 Rf5 27.Rxf5 
Qxf5 28.Qxf5 Rxf5 29.Kg1 Rb5 30.b3 Rc5 31.Ra2 Kg7 32.Kf2 Kf6 33.Ke3 Ke5 
34.Kd3 Rd5+ 35.Kc3 Rd4 36.Ra1 f5 37.b4 g5 38.Rb1 f4 39.b5 Ra4 40.bxa6 bxa6
41.Rb7 h5 42.Rg7 Kf6 43.Rh7 h4 44.Rh6+ Ke7 45.Rh7+ Ke6 46.Ra7 Rxa5 47.Kb4 
Ra1 48.Rg7 Kf6 49.Rd7 Rd1 50.Ra7 Rd2 51.Rxa6 Rxg2 52.Rxd6+ Ke5 53.Rg6 Kf5 
54.Rc6 Rxh2 55.c4 f3 56.Rc8 Kg4 57.Rf8 Kg3 58.c5 Rc2 0-1